01249cam a2200325 a 45000010009000000050017000090080041000260100017000670150019000840160018001030200025001210200022001460200018001680200015001860350024002010400054002250420027002790500027003060820016003331000029003492450115003782600058004933000028005515000048005795040064006276000058006916500067007496500053008166500054008691587867820170105102852.0090824s2009 enk b 001 0 eng d a 2009464683 aGBA8C59642bnb7 a0147938472Uk a9780230577404 (pbk.) a0230577407 (pbk.) a9780333443408 a0333443403 a(OCoLC)ocn269433712 aUKMcUKMdBTCTAdBWKUKdYDXCPdBWKdBWXdCDXdDLC aukblcatcopyalccopycat00aPR6052.A6485bZ86 200900a823.9142221 aRabey, David Ian,d1958-10aHoward Barker, politics and desire :ban expository study of his drama and poetry, 1969-87 /cDavid Ian Rabey. aBasingstoke ;aNew York :bPalgrave Macmillan,c2009. axviii, 302 p. ;c22 cm. aPrevious ed.: Basingstoke: Macmillan, 1989. aIncludes bibliographical references (p. 293-299) and index.10aBarker, Howard,d1946-vCriticism and interpretation. 0aPolitics and literaturezGreat BritainxHistoryy20th century. 0aPolitical plays, EnglishvHistory and criticism. 0aPolitical poetry, EnglishvHistory and criticism.